| 000 | 01004nac a22003131u 4500 | ||
|---|---|---|---|
| 003 | EG-ScBUE | ||
| 005 | 20220808110832.0 | ||
| 008 | 200219t2008 enka f 000 1 eng d | ||
| 020 | _a9780194792622 | ||
| 040 |
_aEG-ScBUE _beng _erda _cEG-ScBUE _dEG-ScBUE |
||
| 082 | 0 | 4 |
_a823.8 _bBRO _222 |
| 100 | 1 |
_aBrontë, Charlotte, _d1816-1855, _eauthor. _940155 |
|
| 245 | 1 | 0 |
_aJane Eyre / _cCharlotte Brontë ; retold by Clare West. |
| 264 | 1 |
_aOxford ; _aNew York : _bOxford University press, _c[2008] |
|
| 264 | 4 | _cc2008 | |
| 300 |
_a120 pages : _billustrations ; _c15 cm. |
||
| 336 |
_2rdacontent _atext _btxt |
||
| 337 |
_2rdamedia _aunmediated _bn |
||
| 338 |
_2rdacarrier _avolume _bnc |
||
| 490 | 0 |
_aOxford bookworms library ; _v6 |
|
| 500 | _aDistributer: Baccah. | ||
| 650 | 7 |
_aGovernesses _vFiction. _2BUEsh |
|
| 650 | 7 |
_aCountry homes _vFiction. _2BUEsh |
|
| 650 | 7 |
_aMentally ill women _vFiction. _2BUEsh |
|
| 651 | _2BUEsh | ||
| 653 | _bHHUUEENN | ||
| 655 |
_vReading book _934232 |
||
| 942 |
_cBB _2ddc |
||
| 999 |
_c8747 _d8747 |
||